Loading...
| History - World History | 0 | 4 | 0 | 1 | 40 | 52 | 75.50 | 0 | 2 |
| Mythology | 0 | 4 | 1 | 1 | 35 | 27 | 66.25 | 1 | 3 |
| History - European History | 0 | 4 | 1 | 1 | 35 | 61 | 80.50 | 0 | 1 |
| Social Science | 0 | 3 | 0 | 1 | 30 | 104 | 114.67 | 0 | 1 |
| Fine Arts - Classical Music | 0 | 2 | 0 | 0 | 20 | 72 | 92.00 | 0 | 1 |
| Geography/Current Events | 0 | 2 | 0 | 0 | 20 | 60 | 70.50 | 0 | 1 |
| History - American History | 0 | 2 | 0 | 1 | 20 | 81 | 105.50 | 0 | 1 |
| Science - Other Science | 0 | 2 | 0 | 2 | 20 | 111 | 124.00 | 0 | 0 |
| Literature - American Literature | 0 | 1 | 0 | 0 | 10 | 52 | 52.00 | 1 | 1 |
| Pop Culture | 0 | 1 | 0 | 0 | 10 | 109 | 109.00 | 0 | 0 |
| Religion | 0 | 1 | 0 | 0 | 10 | 108 | 108.00 | 0 | 0 |
| Fine Arts - Other Fine Arts | 0 | 1 | 0 | 0 | 10 | 122 | 122.00 | 0 | 0 |
| Science - Physics | 0 | 1 | 0 | 0 | 10 | 93 | 93.00 | 0 | 0 |
| Other Academic | 0 | 1 | 0 | 0 | 10 | 43 | 43.00 | 1 | 1 |
| Literature - European Literature | 0 | 1 | 1 | 0 | 5 | 126 | 126.00 | 0 | 0 |
| Fine Arts - Visual Fine Arts | 0 | 1 | 1 | 0 | 5 | 64 | 64.00 | 0 | 1 |
| History - Other History | 0 | 1 | 1 | 0 | 5 | 80 | 80.00 | 0 | 0 |
| Science - Chemistry | 0 | 0 | 1 | 0 | -5 | 0.00 | 0 | 0 |